00525nam a22001577a 450000500170000001000170001702000260003403500130006003700130007308200180008610000260010424501250013026000380025530000230029350000510031620130530124146.0 a ENG-107187 a9788125047063c425.00 aEN-90720 bDBAD/PUB00a954.140422221 aBandyopadhyay, Sekhar10aDecolonization in South Asia :bmeanings of freedom in post-independence West Bengal, 1947-52 /cby Sekhar Bandyopadhyay aHyderabadbOrient Blackswanc2012 ax,254p.c24cm(pbk) aIncludes bibliographical references and index.